[Event "Waldviertler-ch"]
[Site "Litschau"]
[Date "2005.06.12"]
[Round "5"]
[White "Schuh, Daniel"]
[Black "Stoeckel, Florian"]
[Result "1/2-1/2"]
[WhiteElo "1639"]
[BlackElo "1402"]
[PlyCount "50"]
[EventDate "2005.06.09"]
[EventType "swiss"]
[EventRounds "5"]
[EventCountry "AUT"]
[SourceTitle "EXT 2006"]
[Source "ChessBase"]
[SourceDate "2005.11.24"]
[SourceVersion "1"]
[SourceVersionDate "2005.11.24"]
[SourceQuality "1"]

1. Nf3 Nc6 2. g3 e5 3. d3 d5 4. Bg2 Nf6 5. Nbd2 e4 6. dxe4 dxe4 7. Ng5 Bf5 8. Ngxe4 Nxe4 9. Nxe4 Qxd1+ 10. Kxd1 0-0-0+ 11. Bd2 Bb4 12. c3 Ba5 13. Ke1 Rhe8 14. Ng5 f6 15. Bh3 Bxh3 16. Nxh3 Bb6 17. e3 Ne5 18. Ke2 Nd3 19. b3 g5 20. c4 g4 21. Nf4 Nxf2 22. Rhf1 Ne4 23. Rad1 Nxd2 24. Rxd2 Rxd2+ 25. Kxd2 Bxe3+ 1/2-1/2